000 00499nam a2200181Ia 4500
001 18287
005 20260306171619.0
008 260306s9999||||xx |||||||||||||| ||und||
041 _aESP
082 _a658.402
_bM84
100 _aMontañés Duato, Pascual
_eAUT
245 0 _aAquí, ¿quién manda?:
_blevantando el mapa de poder en las organizaciones del siglo XXI
260 _c2011
300 _axxii, 209 páginas :
_c24 cm.
650 _aGEN
654 _aCAN
942 _cLIB
_dJUS
_fJUS
_2ddc
_n
999 _c18287
_d18287